| LEADER | 01246nam a2200229 a 4500 | ||
|---|---|---|---|
| 001 | GR-MES1011 | ||
| 008 | 991111s1974 gr 000 0 gre d | ||
| 040 | |a GrPaTEI |b gre |c GR-PaULI | ||
| 245 | 0 | 0 | |a Οικονομικός σχεδιασμός και πολιτικές σχέσεις / |c Oscar Lange ; Μετάφραση Κώστα Αποστόλου. |
| 260 | |a Αθήνα : |b Κάλβος, |c 1974 | ||
| 300 | |a 86σελ. | ||
| 650 | 4 | |a Οικονομία | |
| 650 | 4 | |a ΠΟΛΙΤΙΚΗ | |
| 700 | 1 | |a Lange, Oscar | |
| 700 | 1 | |a Αποστόλου, Κ. | |
| 710 | 0 | |a Κάλβος | |
| 942 | |2 ddc | ||
| 952 | |0 1 |1 0 |2 ddc |4 0 |6 332_000000000000000_LAN |7 0 |9 264796 |a MSLG |b MSLG |c BSC |d 2021-01-17 |e 24 |f 0 |g 0.00 |l 0 |o 332 LAN |p 2420000001885 |r 2021-01-17 00:00:00 |t 1 |w 2021-01-17 |y BK15 |x 19991111 0 1 |x GrPaTEI | ||
| 952 | |0 1 |1 0 |2 ddc |4 0 |6 332_000000000000000_LAN |7 0 |9 264797 |a MSLG |b MSLG |c BSC |d 2021-01-17 |e 24 |f 0 |g 0.00 |l 0 |o 332 LAN |p 2420000017338 |r 2021-01-17 00:00:00 |t 1 |w 2021-01-17 |y BK15 |x 20000203 0 1 |x GrPaTEI | ||
| 952 | |0 0 |1 0 |2 ddc |4 0 |6 332_000000000000000_LAN |7 0 |9 264798 |a MSLG |b MSLG |c BSC |d 2021-01-17 |e 24 |f 0 |g 0.00 |l 0 |o 332 LAN |p 2420000001884 |r 2021-01-17 00:00:00 |t 1 |w 2021-01-17 |y BK15 |x 19991111 0 1 |x GrPaTEI | ||
| 971 | |a .b25720533 |b 16-04-20 |c 13-09-16 | ||
| 999 | |c 152296 |d 152296 | ||